| 000 | 00760nam a22002417a 4500 | ||
|---|---|---|---|
| 003 | OSt | ||
| 005 | 20140310181733.0 | ||
| 008 | 130319t xxu||||| |||| 00| 0 eng d | ||
| 020 | _a0873532457 | ||
| 050 |
_aQA 135.5 _b.C658 1987 |
||
| 082 |
_aTRM 372.70 _bC63 1987 |
||
| 100 |
_aCoburn, Terrence _92685 |
||
| 245 |
_aHow to teach mathematics using a calculator / _cTerrence Coburn. |
||
| 260 |
_aVirginia : _bNational Council of Teachers of Mathematics, _cc1987. |
||
| 300 |
_a58p. : _bill. ; _c28 cm. |
||
| 521 | _aFaculty | ||
| 541 | _j1 | ||
| 562 | _e1 | ||
| 650 |
_aMathematics _xStudy and teaching (Elementary). _92686 |
||
| 650 |
_aCalculators _xStudy and teaching. _92687 |
||
| 650 |
_aMathamatics _92688 |
||
| 942 |
_2lcc _cBK-TR _kTR |
||
| 999 |
_c2487 _d2487 |
||